LIBRARY ONLINE CATALOGUE

Devolved funds and development : (Record no. 12787)

MARC details
000 -LEADER
fixed length control field 00700cam a22002172 4500
001 - CONTROL NUMBER
control field 0000003170
005 - DATE AND TIME OF LATEST TRANSACTION
control field 20151217155819.0
008 - FIXED-LENGTH DATA ELEMENTS--GENERAL INFORMATION
fixed length control field 070430s xx 000 0 eng d
020 ## - INTERNATIONAL STANDARD BOOK NUMBER
International Standard Book Number 9966915605 :
040 ## - CATALOGING SOURCE
Original cataloging agency KABU
Transcribing agency KABU
050 #0 - LIBRARY OF CONGRESS CALL NUMBER
Classification number HN793
Item number .Z9C6O34
100 1# - MAIN ENTRY--PERSONAL NAME
Personal name Odhiambo, Morris.
-- 0000152868
245 10 - TITLE STATEMENT
Title Devolved funds and development :
Remainder of title a handbook on participation /
Statement of responsibility, etc. Morris Odhiambo, Anyembe Peter Taifa.
260 ## - PUBLICATION, DISTRIBUTION, ETC. (IMPRINT)
Place of publication, distribution, etc. Nairobi :
Name of publisher, distributor, etc. Claripress,
Date of publication, distribution, etc. 2005.
300 ## - PHYSICAL DESCRIPTION
Extent iii, 31 p.
650 #0 - SUBJECT ADDED ENTRY--TOPICAL TERM
Topical term or geographic name as entry element Community development
Geographic subdivision Kenya.
-- 0000152869
700 1# - ADDED ENTRY--PERSONAL NAME
Personal name Taifa, Anyembe Peter.
-- 0000152870
908 ## - PUT COMMAND PARAMETER (RLIN)
Put command parameter 070430
950 ## - LOCAL HOLDINGS (RLIN)
-- 1
Holdings
Withdrawn status Lost status Source of classification or shelving scheme Not for loan Home library Current library Date acquired Total Checkouts Full call number Barcode Date last seen Date last checked out Copy number Price effective from Koha item type
    Library of Congress Classification   Kabarak, Main Campus Kabarak, Main Campus 17/12/2015 1 HN793 .Z9C6O34 c. 1 002810 13/08/2018 04/08/2018 c. 1 17/12/2015 Africana Collection